|
|
|
|
| LEADER |
00000nam a2200000 a 4500 |
| 001 |
vtls010278728 |
| 003 |
SK-MaSNL |
| 005 |
20260301031748.0 |
| 008 |
180809s2009 xo oa j f 000 0 slo |
| 015 |
|
|
|a SNBA2011/07-04051
|
| 020 |
|
|
|a 9788089405213
|q (viaz.)
|
| 035 |
|
|
|a 6FFA0447-A34E-40A5-AE4A-E8FECCF0D448
|
| 035 |
|
|
|a urn:nbn:sk:snk-amjhuo
|
| 035 |
|
|
|a urn:nbn:sk:snk-am002gkc
|
| 040 |
|
|
|a SNK
|b slo
|c SNK
|e AACR2
|
| 041 |
0 |
|
|a slo
|
| 044 |
|
|
|a xo
|c SK
|
| 072 |
|
7 |
|a 27-4
|x Praktická teológia. Morálna teológia
|2 konspekt
|
| 080 |
|
|
|a 27-47
|2 2001
|
| 080 |
|
|
|a 373.3
|2 2001
|
| 080 |
|
|
|a 373.5/.6+377.1/.3
|2 2001
|
| 080 |
|
|
|a 316.346.32-053.2
|2 2001
|
| 080 |
|
|
|a 316.346.2-055.15
|2 2001
|
| 080 |
|
|
|a 27-789.64
|2 2001
|
| 080 |
|
|
|a (07)
|2 2001
|
| 245 |
0 |
0 |
|a Cesty zrenia - chlapci
|b [život online] : vidieť a bežať : povstať a bojovať : odísť, objavovať a nebyť sám! : putovať s vlastnou tvárou : vstupovať do zväzkov života
|c [kolektív autorov]
|
| 246 |
3 |
|
|a Chlapci cesty zrenia
|
| 250 |
|
|
|a [1. vyd.]
|
| 260 |
|
|
|a Bratislava
|b Domka Združenie saleziánskej mládeže
|c c2009
|
| 300 |
|
|
|a 1 zv. (rôzne stránkovanie)
|b fotogr., ilustr.
|c 23 cm
|
| 500 |
|
|
|a Voľné listy zopnuté v karisbloku
|
| 650 |
0 |
7 |
|a kresťanská výchova
|2 SNKPH
|9 63301
|
| 650 |
0 |
7 |
|a základné školy
|2 SNKPH
|9 1280
|
| 650 |
0 |
7 |
|a stredné školy
|2 SNKPH
|9 1279
|
| 650 |
0 |
7 |
|a deti a mládež
|2 SNKPH
|9 774
|
| 650 |
0 |
7 |
|a chlapci
|2 SNKPH
|9 776
|
| 650 |
0 |
7 |
|a saleziáni
|2 SNKPH
|9 29348
|
| 650 |
0 |
7 |
|a Christian education
|2 SNKPHeng
|9 282634
|
| 650 |
0 |
7 |
|a Elementary schools
|2 SNKPHeng
|9 265049
|
| 650 |
0 |
7 |
|a Secondary schools
|2 SNKPHeng
|9 267200
|
| 650 |
0 |
7 |
|a Children and youth
|2 SNKPHeng
|9 267397
|
| 650 |
0 |
7 |
|a Salesians
|2 SNKPHeng
|9 305497
|
| 650 |
0 |
7 |
|a Boys
|2 SNKPHeng
|9 327815
|
| 655 |
|
7 |
|a metodické príručky
|2 SNKPH
|9 70250
|
| 655 |
|
7 |
|a Methodological manuals
|2 SNKPHeng
|9 270866
|
| 919 |
|
|
|a 978-80-89405-21-3
|
| 958 |
|
|
|a OND
|
| 968 |
|
|
|d 2
|
| 999 |
|
|
|c 577268
|d 579198
|
| 952 |
|
|
|a SNK
|b SNK
|y PREZ
|7 0
|p 17A0702731
|o snkSC 145421/2
|i snk2011/11200
|8 0
|0 0
|1 0
|4 0
|d 2011-05-16
|l 0
|r 2025-07-14 00:00:00
|w 2026-02-23
|
| 952 |
|
|
|a SNK
|b SNK
|y VYP
|7 0
|p 17A0702730
|o snkSC 145421/2 D1
|i snk2011/11201
|8 0
|0 0
|1 0
|4 0
|d 2011-05-16
|f 1
|l 0
|r 2026-02-23 14:37:47
|w 2026-02-23
|